000 00285nam a22001337a 4500
008 170126b xxu||||| |||| 00| 0 eng d
020 _a072167996X
041 _aeng
080 _221ST
_a61
100 _a3
101 _aMED
245 _aTEXTBOOK OF MEDICINE
_cDRAZEN
942 _2udc
_cBK
999 _c3804
_d3804